000 00198nam a22000857a 4500
100 _aSuja S Nair
245 _aCherukida rubber vyavasayangal
260 _bRubber, 683(April): 22-23.
_c2023
942 _cJS
999 _c75005
_d75005